[Event "Titled Tue 24th Jun Early"]
[Site "chess.com INT"]
[Date "2025.06.24"]
[Round "5"]
[White "Andreikin, Dmitry"]
[Black "Durarbayli, Vasif"]
[Result "0-1"]
[WhiteTitle "GM"]
[BlackTitle "GM"]
[WhiteElo "2695"]
[BlackElo "2612"]
[WhiteFideId "4158814"]
[BlackFideId "13402935"]
[EventDate "2025.06.24"]

1. c4 c6 2. Nf3 d5 3. g3 Nf6 4. Bg2 Bg4 5. cxd5 cxd5 6. Ne5 Bf5 7. Nc3 Nc6 8.
Qa4 Bd7 9. Nxd7 Qxd7 10. O-O e6 11. d3 Be7 12. Bf4 d4 13. Nb5 O-O 14. Bxc6 Qxc6
15. Rfc1 Qe8 16. Qb3 Nd5 17. Nc7 Nxc7 18. Rxc7 e5 19. Bxe5 Bd8 20. Rc5 Bb6 21.
Rb5 Rc8 22. a4 Qe7 23. a5 Bc5 24. Qd5 b6 25. axb6 axb6 26. b4 Rfd8 27. Qe4 Bxb4
28. Rxb6 Re8 29. Rb5 Bc3 30. Ra6 f6 31. Qd5+ Qf7 32. Qxf7+ Kxf7 33. Rb7+ Kg6 34.
f4 Bd2 35. g4 Be3+ 36. Kg2 Rc1 37. Raa7 Rg1+ 38. Kf3 Rg8 39. f5+ Kh6 40. Bxf6
Rf1+ 41. Kg3 Rg1+ 42. Kh3 gxf6 43. Rxh7+ Kg5 44. Rae7 Rxg4 45. Reg7+ Kxf5 46.
Rh5+ Kf4 47. Re7 R4g5 48. Re4+ Kf5 49. Rh7 Kg6 50. Reh4 Kf5 51. Re4 Kg6 52. Reh4
Bf2 53. R4h6+ Kf5 54. Rf7 R8g6 55. Rh8 Ke6 56. Rfh7 Re5 57. Re8+ Kd6 58. Rd8+
Ke6 59. Re8+ Kf5 60. Rh5+ Rg5 61. Rxg5+ Kxg5 62. Rg8+ Kf5 63. Kg2 Be3 64. Kf3
Re7 65. h4 Rh7 66. Rg4 Ke6 67. Kg3 f5 68. Rg6+ Ke5 69. Kh3 Bf2 70. Kg2 Bxh4 71.
Rg8 Be1 72. Kf3 Bd2 73. Re8+ Kf6 74. Rf8+ Rf7 75. Rd8 Be3 76. Rd6+ Kg5 77. Rd8
Rh7 78. Rg8+ Kf6 79. Rf8+ Ke6 80. Re8+ Kf7 81. Ra8 Rh2 82. Ra4 Rf2+ 83. Kg3 Rxe2
84. Ra5 Rf2 85. Ra6 Ke7 86. Rb6 f4+ 87. Kg4 Kd7 88. Kf5 f3 89. Ke4 Rf1 90. Rf6
f2 91. Kd5 Rc1 92. Rf7+ Kc8 0-1

[Event "Titled Tue 24th Jun Early"]
[Site "chess.com INT"]
[Date "2025.06.24"]
[Round "5"]
[White "Martinez Alcantara, Jose Eduardo"]
[Black "Shuvalova, Polina"]
[Result "1-0"]
[WhiteTitle "GM"]
[BlackTitle "IM"]
[WhiteElo "2611"]
[BlackElo "2480"]
[WhiteFideId "3805662"]
[BlackFideId "24171760"]
[EventDate "2025.06.24"]

1. c4 e6 2. Nf3 d5 3. g3 Nf6 4. Bg2 Be7 5. O-O O-O 6. d3 b6 7. cxd5 Nxd5 8. d4
Bb7 9. a3 Nd7 10. Re1 c5 11. e4 N5f6 12. Nc3 cxd4 13. Nxd4 Bc5 14. b4 Bxd4 15.
Qxd4 a5 16. Bb2 e5 17. Qe3 axb4 18. axb4 Qe7 19. Ba3 Rfc8 20. f3 h6 21. Bh3 Rc4
22. Bf1 Rcc8 23. Red1 Nf8 24. Nb5 Rc6 25. Bb2 Rxa1 26. Rxa1 Qxb4 27. Bxe5 N6d7
28. Bc3 Qc5 29. Qxc5 Nxc5 30. Rb1 Nfe6 31. Bd2 Ba6 32. Be3 Bxb5 33. Rxb5 Rd6 34.
Be2 g5 35. Kf2 Kg7 36. Bc4 Nc7 37. Rb1 f6 38. h4 N7e6 39. Ra1 Rd7 40. Rb1 Rd6
41. h5 Rc6 42. Bd5 Rd6 43. Ke2 Nc7 44. Bxc5 bxc5 45. Rb7 Rd7 46. Bc4 Re7 47. Rb6
Kf8 48. Rxf6+ Kg7 49. Rc6 Ne8 50. Rxc5 Nf6 51. g4 Nd7 52. Rc7 Kf6 53. Rc6+ Kg7
54. Rg6+ Kh7 55. Bg8+ Kh8 56. Bb3 Kh7 57. Ra6 Nc5 58. Rb6 Kg7 59. Bc4 Nd7 60.
Rg6+ Kh7 61. Rd6 Ne5 62. Be6 Kg7 63. Bf5 Ra7 64. Re6 Ra2+ 65. Kd1 Ra1+ 66. Kc2
Nxf3 67. Rg6+ Kf7 68. Rxh6 Ra3 69. Kb2 Re3 70. Rh7+ Kf6 71. Rh6+ Kf7 72. Rg6 Nd4
73. Rxg5 Rg3 74. Rg6 Rh3 75. h6 Nf3 76. Rg7+ Kf6 77. Rg6+ Kf7 78. Ra6 Ne5 79. h7
Kg7 80. Ra7+ Kf6 81. Ra6+ Kg7 82. Ra8 Nf7 83. Rg8+ Kf6 84. Kc2 Ke7 85. g5 1-0

[Event "Titled Tue 24th Jun Early"]
[Site "chess.com INT"]
[Date "2025.06.24"]
[Round "5"]
[White "Genkeswaran, Genivan"]
[Black "Ejsymont, Blanka"]
[Result "1/2-1/2"]
[WhiteTitle "CM"]
[BlackTitle "WCM"]
[WhiteElo "2124"]
[BlackElo "1984"]
[WhiteFideId "5754496"]
[BlackFideId "21088268"]
[EventDate "2025.06.24"]

1. g3 d5 2. Bg2 Nf6 3. Nf3 c5 4. O-O Nc6 5. d4 cxd4 6. Nxd4 e5 7. Nxc6 bxc6 8.
Bg5 Be7 9. Nd2 O-O 10. e4 Be6 11. Qe2 d4 12. Bxf6 Bxf6 13. f4 Qb6 14. Kh1 Qxb2
15. f5 Bd7 16. Nc4 Qb5 17. a4 Qa6 18. Qd3 Qc8 19. a5 c5 20. Rfd1 Bb5 21. Qb3 Qa6
22. Na3 Be2 23. Re1 c4 24. Qb5 Qxb5 25. Nxb5 d3 26. Nc3 Rab8 27. Nxe2 dxe2 28.
Rxe2 Rb2 29. h4 h6 30. Kh2 Rd8 31. Bf1 c3 32. Kg2 Rd2 33. Rxd2 cxd2 34. Bd3 Be7
35. Rd1 Bb4 36. a6 Bc3 37. g4 Kf8 38. g5 hxg5 39. hxg5 Ke7 40. Kf3 Kd6 41. Ke3
Rb8 42. Bc4 f6 43. gxf6 gxf6 44. Kd3 Ba5 45. c3 Kc5 46. Bd5 Rh8 47. Kxd2 Rh2+
48. Kc1 Bxc3 49. Be6 Kb4 50. Rd7 Rh1+ 51. Kc2 Rh2+ 52. Kd1 Rh1+ 53. Ke2 Rh2+ 54.
Kf3 Bd4 55. Kg4 Re2 56. Bd5 Rg2+ 57. Kf3 Rh2 58. Kg3 Rh6 59. Rb7+ Kc3 60. Rb3+
Kd2 61. Kg4 Ke2 62. Bc4+ Kd2 63. Rf3 Kc2 64. Bd5 Kb2 65. Rh3 Rxh3 66. Kxh3 Be3
67. Kg4 Bg5 68. Kh5 Kc3 69. Kg6 Kd4 70. Kf7 Kc5 71. Bb7 Kb6 72. Ke8 Bf4 73. Ke7
Bg5 74. Ke6 Bh4 75. Kd5 Bg5 76. Ke6 Bh4 77. Kf7 Bg5 78. Bc8 Bh4 79. Kg6 Bg5 80.
Kf7 Kc7 81. Bb7 Kb6 1/2-1/2

[Event "Titled Tue 24th Jun Early"]
[Site "chess.com INT"]
[Date "2025.06.24"]
[Round "5"]
[White "Omariev, Maksim"]
[Black "Jake Shanty"]
[Result "0-1"]
[WhiteTitle "FM"]
[BlackTitle "FM"]
[WhiteElo "2304"]
[BlackElo "2252"]
[WhiteFideId "4193423"]
[BlackFideId "33478066"]
[EventDate "2025.06.24"]

1. b3 e5 2. Bb2 Nc6 3. c4 Nf6 4. Nc3 d5 5. cxd5 Nxd5 6. g3 Be6 7. Bg2 Be7 8. Nf3
O-O 9. O-O f6 10. Rc1 Nxc3 11. Rxc3 Bb4 12. Rc2 Qe7 13. Qc1 Rfd8 14. d3 Bd5 15.
a3 Ba5 16. b4 Bb6 17. Qa1 e4 18. dxe4 Bxe4 19. Rcc1 Kh8 20. Rfd1 Rxd1+ 21. Rxd1
Rd8 22. e3 a6 23. Qc1 Rd6 24. Nh4 Bxg2 25. Nxg2 Qd7 26. Rxd6 Qxd6 27. Nf4 Ne5
28. Kg2 Nd3 29. Nxd3 Qxd3 30. h4 Qd5+ 31. Kg1 a5 32. Qc3 axb4 33. axb4 h6 34.
Qc2 Kg8 35. e4 Qe6 36. Bc3 Qg4 37. Kg2 Qe6 38. Qd3 Kf7 39. Kf3 Qd6 40. Qxd6 cxd6
41. b5 Ke6 42. h5 d5 43. Bb4 dxe4+ 44. Kxe4 Bxf2 45. g4 Bb6 46. Bf8 Kf7 47. Bd6
g6 48. Bb8 f5+ 49. gxf5 gxh5 50. Kf4 Bd8 51. Be5 Bf6 52. Bd6 Bg5+ 53. Kg3 Kf6
54. b6 Kxf5 55. Bc7 Bf6 56. Kf3 Be5 57. Bd8 Bf6 58. Bc7 h4 59. Kg2 Kg4 60. Bd6
h3+ 61. Kh1 Bd4 62. Bc7 Be3 63. Bd8 Bf4 64. Bc7 Bg3 65. Bd8 Bh4 66. Bc7 Kf5 67.
Bd6 Bg5 68. Bc7 Be3 69. Bd8 Ke6 70. Kh2 Kd5 71. Kxh3 Kc6 72. Kh4 Bxb6 73. Bf6
Be3 74. Kh5 Bg5 75. Bg7 b5 76. Bh8 Kd5 77. Kg4 Kc4 78. Kh3 h5 79. Be5 Bd2 80.
Bb2 Bc3 81. Ba3 Kb3 82. Bc5 Bb4 83. Bd4 Be7 84. Be3 Kc3 85. Bf2 Kd2 86. Bb6 Bf6
87. Ba5+ Kc2 88. Bc7 b4 89. Bd6 b3 90. Ba3 Be7 91. Bxe7 b2 92. Kh4 b1=Q 93. Kxh5
Qb5+ 94. Bg5 Kd3 95. Kg4 Ke4 96. Bh4 Qe2+ 97. Kh3 Kf3 98. Bg3 Qe6+ 99. Kh2 Qh6+
100. Kg1 Qc1+ 101. Kh2 Qc2+ 102. Bf2 Qxf2+ 103. Kh1 Qg2# 0-1

[Event "Titled Tue 24th Jun Early"]
[Site "chess.com INT"]
[Date "2025.06.24"]
[Round "6"]
[White "Kourkoulos-Arditis, Stamatis"]
[Black "Omariev, Maksim"]
[Result "0-1"]
[WhiteTitle "GM"]
[BlackTitle "FM"]
[WhiteElo "2580"]
[BlackElo "2304"]
[WhiteFideId "4221990"]
[BlackFideId "4193423"]
[EventDate "2025.06.24"]

1. b3 d5 2. Bb2 c5 3. Nf3 Nc6 4. e3 a6 5. d4 Nf6 6. dxc5 e6 7. a3 Bxc5 8. c4 O-O
9. b4 Be7 10. Nbd2 dxc4 11. Bxc4 b5 12. Bd3 Qxd3 0-1

[Event "Titled Tue 24th Jun Early"]
[Site "chess.com INT"]
[Date "2025.06.24"]
[Round "6"]
[White "Demchenko, Anton"]
[Black "Cherukuri, Nitesh"]
[Result "1-0"]
[WhiteTitle "GM"]
[BlackTitle "CM"]
[WhiteElo "2619"]
[BlackElo "2171"]
[WhiteFideId "4160258"]
[BlackFideId "30978688"]
[EventDate "2025.06.24"]

1. e4 c5 2. Nf3 Nc6 3. Bb5 g6 4. Bxc6 dxc6 5. d3 Bg7 6. O-O Nf6 7. h3 O-O 8. Be3
Nd7 9. Qc1 Re8 10. Bh6 Bh8 11. Nc3 e5 12. Nh2 Nf8 13. f4 exf4 14. Qxf4 Qe7 15.
Bg5 Qd7 16. Ng4 Ne6 17. Nh6+ 1-0

[Event "Titled Tue 24th Jun Early"]
[Site "chess.com INT"]
[Date "2025.06.24"]
[Round "6"]
[White "Castillo, Santiago"]
[Black "Alvarado, Carlos"]
[Result "1-0"]
[BlackTitle "CM"]
[WhiteElo "2163"]
[BlackElo "2032"]
[WhiteFideId "108936"]
[BlackFideId "3800555"]
[EventDate "2025.06.24"]

1. e4 c6 2. d4 d5 3. Nc3 dxe4 4. Nxe4 Nf6 5. Nxf6+ exf6 6. Bc4 Be7 7. Ne2 O-O 8.
O-O Be6 9. Bxe6 fxe6 10. Nf4 Qd7 11. Qg4 f5 12. Qe2 Rf6 13. Re1 Na6 14. Nxe6 Re8 1-0

[Event "Titled Tue 24th Jun Early"]
[Site "chess.com INT"]
[Date "2025.06.24"]
[Round "6"]
[White "Negrean, Andrei"]
[Black "Ozen, Batuhan"]
[Result "1-0"]
[WhiteTitle "FM"]
[BlackTitle "CM"]
[WhiteElo "2352"]
[BlackElo "2128"]
[WhiteFideId "1291513"]
[BlackFideId "6345123"]
[EventDate "2025.06.24"]

1. d4 Nf6 2. Nc3 c5 3. d5 e5 4. e4 d6 5. Nf3 Bg4 6. Be2 Bxf3 7. Bxf3 Be7 8. O-O
O-O 9. g3 Ne8 10. Bg2 Nd7 11. f4 exf4 12. gxf4 Bf6 13. Be3 Bxc3 14. bxc3 Nef6
15. Bf2 Re8 16. Re1 Ng4 17. Qxg4 1-0

[Event "Titled Tue 24th Jun Early"]
[Site "chess.com INT"]
[Date "2025.06.24"]
[Round "6"]
[White "Manukian, Artak"]
[Black "Brenke, Andreas"]
[Result "1/2-1/2"]
[BlackTitle "FM"]
[WhiteElo "2104"]
[BlackElo "2349"]
[WhiteFideId "13301373"]
[BlackFideId "4602900"]
[EventDate "2025.06.24"]

1. e4 c6 2. d4 d5 3. e5 c5 4. dxc5 e6 5. a3 Bxc5 6. Qg4 Ne7 7. Bd3 O-O 8. Nf3 f6
9. exf6 Rxf6 10. Bg5 e5 11. Qh4 e4 12. Bxf6 gxf6 13. Qxf6 exd3 14. Qg5+ Kh8 15.
Qf6+ Kg8 16. Qg5+ Kh8 17. Qf6+ Kg8 1/2-1/2

[Event "Titled Tue 24th Jun Early"]
[Site "chess.com INT"]
[Date "2025.06.24"]
[Round "6"]
[White "Marin Ferragut, Pau"]
[Black "Lam, Paul G M"]
[Result "1-0"]
[WhiteTitle "FM"]
[WhiteElo "2380"]
[BlackElo "2110"]
[WhiteFideId "54716020"]
[BlackFideId "411566"]
[EventDate "2025.06.24"]

1. b3 e5 2. Bb2 Nc6 3. e3 Nf6 4. c4 d5 5. cxd5 Nxd5 6. a3 Bd6 7. d3 O-O 8. Nd2
Be6 9. Be2 Qg5 10. Bf3 f5 11. h4 Qh6 12. Nc4 Rad8 13. Qc2 Ndb4 14. axb4 Nxb4 15.
Qb1 Nxd3+ 16. Kf1 Bd5 17. Bxd5+ Kh8 18. Qxd3 1-0

[Event "Titled Tue 24th Jun Early"]
[Site "chess.com INT"]
[Date "2025.06.24"]
[Round "6"]
[White "Calvo Gonzalez, Jose Felix"]
[Black "Pontes, Luiz Felizola Lima"]
[Result "1-0"]
[WhiteTitle "CM"]
[WhiteElo "2168"]
[BlackElo "2062"]
[WhiteFideId "54505615"]
[BlackFideId "44709919"]
[EventDate "2025.06.24"]

1. e4 e5 2. Nf3 Nc6 3. Bc4 Nf6 4. Ng5 d5 5. exd5 Na5 6. Bb5+ Bd7 7. Qe2 Bd6 8.
Nc3 Nxd5 9. Bxd7+ Kxd7 10. Nxf7 Qf6 11. Nxh8 Nxc3 12. Qg4+ Ke7 13. dxc3 Rxh8 14.
Bg5 1-0

[Event "Titled Tue 24th Jun Early"]
[Site "chess.com INT"]
[Date "2025.06.24"]
[Round "6"]
[White "Lissillour, Baptiste"]
[Black "Roebers, Jan"]
[Result "1-0"]
[WhiteTitle "FM"]
[BlackTitle "FM"]
[WhiteElo "2312"]
[BlackElo "2056"]
[WhiteFideId "45179620"]
[BlackFideId "1007815"]
[EventDate "2025.06.24"]

1. d4 Nf6 2. c4 g6 3. Nc3 Bg7 4. e4 d6 5. Be2 O-O 6. Be3 Nc6 7. d5 Ne5 8. f4
Neg4 9. Bd2 c6 10. h3 Nh6 11. g4 cxd5 12. cxd5 Nxe4 13. Nxe4 f5 14. Nc3 fxg4 15.
hxg4 g5 16. fxg5 Nf7 17. Qc2 Re8 18. Qxh7+ Kf8 19. g6 Ne5 20. Bh6 Bxh6 21. Qh8# 1-0

[Event "Titled Tue 24th Jun Early"]
[Site "chess.com INT"]
[Date "2025.06.24"]
[Round "6"]
[White "Logozar, Elijah"]
[Black "Brady, Tyson"]
[Result "1-0"]
[BlackTitle "CM"]
[WhiteElo "1928"]
[BlackElo "2170"]
[WhiteFideId "30963788"]
[BlackFideId "30970369"]
[EventDate "2025.06.24"]

1. e4 c5 2. Nf3 Nc6 3. d4 cxd4 4. Nxd4 Nf6 5. Nc3 e5 6. Ndb5 d6 7. Bg5 a6 8. Na3
b5 9. Nd5 Be7 10. Bxf6 Bxf6 11. c3 Bg5 12. Nc2 Rb8 13. a4 bxa4 14. Ncb4 Nxb4 15.
Nxb4 Bd7 16. Bxa6 O-O 17. O-O Qb6 18. Qd3 Kh8 19. Bc4 f5 20. Bd5 Bd8 21. exf5
Rxf5 22. Be4 Rh5 23. Nd5 Qc5 24. Qf3 Bf5 25. Qxh5 1-0

[Event "Titled Tue 24th Jun Early"]
[Site "chess.com INT"]
[Date "2025.06.24"]
[Round "6"]
[White "Silva, Pedro Gil Ferreira Da"]
[Black "Kislinsky, Alexey"]
[Result "1/2-1/2"]
[WhiteTitle "FM"]
[BlackTitle "GM"]
[WhiteElo "2269"]
[BlackElo "2341"]
[WhiteFideId "1946102"]
[BlackFideId "14108801"]
[EventDate "2025.06.24"]

1. Nf3 d5 2. b3 Nf6 3. Bb2 e6 4. g3 Be7 5. Bg2 O-O 6. O-O b6 7. e3 Bb7 8. Qe2
Nbd7 9. c4 c5 10. cxd5 Nxd5 11. Nc3 Nxc3 12. Bxc3 Bf6 13. Rfd1 Bxc3 14. dxc3 Qc7
15. c4 Rad8 16. h4 h6 17. Qb2 Nf6 18. Qe5 Qc8 19. Ne1 Bxg2 20. Nxg2 Rxd1+ 21.
Rxd1 Rd8 22. Qa1 Ng4 23. Nf4 Rxd1+ 24. Qxd1 Ne5 25. Qd6 Nf3+ 26. Kf1 Qb7 27. h5
Kh7 28. Qd3+ Kg8 29. Qd8+ Kh7 30. Qd3+ Kg8 31. Qd8+ Kh7 32. Qd3+ 1/2-1/2

[Event "Titled Tue 24th Jun Early"]
[Site "chess.com INT"]
[Date "2025.06.24"]
[Round "6"]
[White "Zakin, Ilay"]
[Black "Moroni, Luca Jr"]
[Result "0-1"]
[WhiteTitle "FM"]
[BlackTitle "GM"]
[WhiteElo "2300"]
[BlackElo "2549"]
[WhiteFideId "2848279"]
[BlackFideId "865834"]
[EventDate "2025.06.24"]

1. Nf3 g6 2. g3 Bg7 3. Bg2 d6 4. O-O Nc6 5. d4 Bd7 6. c4 Qc8 7. Re1 Bh3 8. Bh1
h5 9. e4 h4 10. d5 Ne5 11. Nxh4 c6 12. Na3 Bf6 13. Nf3 Bg4 14. h4 g5 15. hxg5
Rxh1+ 16. Kxh1 Bxf3+ 17. Qxf3 0-1

[Event "Titled Tue 24th Jun Early"]
[Site "chess.com INT"]
[Date "2025.06.24"]
[Round "6"]
[White "Chigaev, Maksim"]
[Black "Dudzinski, Piotr"]
[Result "1-0"]
[WhiteTitle "GM"]
[BlackTitle "FM"]
[WhiteElo "2635"]
[BlackElo "2335"]
[WhiteFideId "4108116"]
[BlackFideId "1119362"]
[EventDate "2025.06.24"]

1. d4 e6 2. e4 d5 3. exd5 exd5 4. Bf4 Nf6 5. Nc3 c6 6. Qd2 Bd6 7. O-O-O O-O 8.
f3 Qc7 9. Bxd6 Qxd6 10. h4 b5 11. h5 a5 12. Bd3 a4 13. g4 b4 14. Nce2 Ba6 15.
Qf4 Qxf4+ 16. Nxf4 Nbd7 17. Bxa6 Rxa6 18. Nge2 Ne8 19. Ng3 Nd6 20. Rhe1 Re8 21.
Nf5 Rxe1 22. Rxe1 Nxf5 23. Re8+ Nf8 24. gxf5 b3 25. a3 bxc2 26. Kxc2 Rb6 27. Nd3
f6 28. Nc5 Kf7 29. Rxf8+ 1-0

[Event "Titled Tue 24th Jun Early"]
[Site "chess.com INT"]
[Date "2025.06.24"]
[Round "6"]
[White "Brown, Akeem"]
[Black "Watanabe, Akira"]
[Result "0-1"]
[WhiteTitle "CM"]
[BlackTitle "FM"]
[WhiteElo "2055"]
[BlackElo "2284"]
[WhiteFideId "7402023"]
[BlackFideId "7000227"]
[EventDate "2025.06.24"]

1. e4 c5 2. Nf3 d6 3. d4 cxd4 4. Nxd4 Nf6 5. Nc3 a6 6. Be3 e5 7. Nb3 Qc7 8. f3
Be6 9. Qd2 h5 10. Be2 Nbd7 11. O-O Be7 12. Rac1 O-O 13. Nd5 Bxd5 14. exd5 g6 15.
Na5 Rfe8 16. c4 Rac8 17. b4 Bf8 18. Rfd1 e4 19. f4 Ng4 20. Bd4 e3 21. Qb2 Nf2
22. Bxe3 Nxd1 0-1

[Event "Titled Tue 24th Jun Early"]
[Site "chess.com INT"]
[Date "2025.06.24"]
[Round "6"]
[White "Harshit, Ranjan Sahu"]
[Black "Alonso Rosell, Alvar"]
[Result "0-1"]
[WhiteTitle "CM"]
[BlackTitle "GM"]
[WhiteElo "2191"]
[BlackElo "2536"]
[WhiteFideId "25638815"]
[BlackFideId "2270544"]
[EventDate "2025.06.24"]

1. e4 c6 2. d4 d5 3. exd5 cxd5 4. Bd3 Nc6 5. c3 e6 6. Nf3 Bd6 7. O-O Nge7 8. Bg5
f6 9. Bh4 Nf5 10. Bg3 Nxg3 11. hxg3 O-O 12. Re1 e5 13. dxe5 fxe5 14. Bc2 Bc5 15.
b4 Bb6 16. b5 e4 17. bxc6 exf3 18. cxb7 Bxb7 19. gxf3 Qc7 20. Qd3 Qxg3+ 21. Kh1
Qh4+ 22. Kg2 Qxf2+ 23. Kh3 Bc8+ 0-1

[Event "Titled Tue 24th Jun Early"]
[Site "chess.com INT"]
[Date "2025.06.24"]
[Round "6"]
[White "Cernov, Henrik"]
[Black "Marynychenko, Yehor"]
[Result "1/2-1/2"]
[WhiteTitle "FM"]
[BlackTitle "CM"]
[WhiteElo "2325"]
[BlackElo "2183"]
[WhiteFideId "16258312"]
[BlackFideId "34160558"]
[EventDate "2025.06.24"]

1. e4 c5 2. Nf3 Nc6 3. d4 cxd4 4. Nxd4 Nf6 5. Nc3 e6 6. Ndb5 Bb4 7. a3 Bxc3+ 8.
Nxc3 d5 9. exd5 exd5 10. Bd3 O-O 11. O-O Bg4 12. f3 Bh5 13. Bg5 Ne7 14. Bxf6
Qb6+ 15. Bd4 Qxd4+ 16. Kh1 Qb6 17. b4 Qf6 18. Qd2 Rac8 19. Ne2 Bg6 20. Bxg6 hxg6
21. Nf4 Rc4 22. Nxd5 Nxd5 23. Qxd5 Rxc2 24. Qxb7 Rd8 25. Rad1 Rxd1 26. Rxd1 Qd4
27. Rg1 Rd2 28. Qc8+ Kh7 29. Qh3+ Kg8 30. Qc8+ Kh7 31. Qh3+ Kg8 32. Qc8+ 1/2-1/2

[Event "Titled Tue 24th Jun Early"]
[Site "chess.com INT"]
[Date "2025.06.24"]
[Round "6"]
[White "Tan, Zhongyi"]
[Black "Swaminathan, Pranav"]
[Result "1-0"]
[WhiteTitle "GM"]
[WhiteElo "2546"]
[BlackElo "2113"]
[WhiteFideId "8603642"]
[BlackFideId "30970482"]
[EventDate "2025.06.24"]

1. e4 c5 2. Nf3 Nc6 3. Bb5 Nf6 4. Nc3 Qc7 5. O-O Nd4 6. Re1 a6 7. Bf1 Ng4 8. e5
Nxf3+ 9. Qxf3 Nxe5 10. Qg3 d6 11. Nd5 Qb8 12. d4 cxd4 13. Bf4 e6 14. Nb6 Ra7 15.
Rxe5 dxe5 16. Bxe5 Bd6 17. Bxd6 Qxd6 18. Qxd6 1-0

[Event "Titled Tue 24th Jun Early"]
[Site "chess.com INT"]
[Date "2025.06.24"]
[Round "6"]
[White "Parkhurst Casas, Andrea Ju"]
[Black "Romany, Joy"]
[Result "0-1"]
[WhiteTitle "WCM"]
[BlackTitle "WIM"]
[WhiteElo "1722"]
[BlackElo "1960"]
[WhiteFideId "5117496"]
[BlackFideId "10656820"]
[EventDate "2025.06.24"]

1. d4 Nf6 2. e3 e6 3. f4 b6 4. Nf3 Bb7 5. Be2 c5 6. c3 Nc6 7. O-O d5 8. Nbd2 Be7
9. Ne5 Qc7 10. Bh5 Nxh5 11. Qxh5 g6 12. Qd1 Bd6 13. Ndf3 O-O-O 14. Nxc6 Bxc6 15.
Ne5 Bb7 16. a4 f6 17. Nd3 c4 18. Nb4 a5 19. Nc2 g5 20. Rb1 gxf4 21. exf4 Rhg8
22. b3 Qg7 23. Qe2 Kc7 24. bxc4 dxc4 25. Qxc4+ Kb8 26. Qe2 Bxg2 27. Rf2 Bf3+ 28.
Rg2 Bxg2 29. Kf2 Bb7 30. Ne3 Qg1# 0-1

[Event "Titled Tue 24th Jun Early"]
[Site "chess.com INT"]
[Date "2025.06.24"]
[Round "6"]
[White "Janukshan, B"]
[Black "Sovetbekova, Nurai"]
[Result "0-1"]
[WhiteTitle "CM"]
[BlackTitle "WFM"]
[WhiteElo "1937"]
[BlackElo "2007"]
[WhiteFideId "29945399"]
[BlackFideId "13801910"]
[EventDate "2025.06.24"]

1. Nf3 Nf6 2. c4 g6 3. Nc3 d5 4. e3 Bg7 5. b3 O-O 6. Bb2 dxc4 7. bxc4 c5 8. Be2
Nc6 9. d4 Bg4 10. d5 Na5 11. Nd2 Bxe2 12. Qxe2 Qd7 13. O-O e6 14. Rfd1 exd5 15.
cxd5 Nxd5 16. Nde4 Nxc3 17. Bxc3 Qc7 18. Bxg7 Kxg7 19. Qb2+ f6 20. Rd6 Nc4 21.
Qd2 Nxd2 0-1

[Event "Titled Tue 24th Jun Early"]
[Site "chess.com INT"]
[Date "2025.06.24"]
[Round "6"]
[White "Zmijanac, Dusko"]
[Black "Nazin, Roman"]
[Result "0-1"]
[WhiteTitle "FM"]
[BlackTitle "CM"]
[WhiteElo "2007"]
[BlackElo "2250"]
[WhiteFideId "908762"]
[BlackFideId "4137167"]
[EventDate "2025.06.24"]

1. d4 c5 2. d5 e5 3. Nc3 a6 4. a4 d6 5. e4 Be7 6. f4 exf4 7. Bxf4 Bg5 8. Qd2
Bxf4 9. Qxf4 Ne7 10. Nf3 O-O 11. Bc4 Ng6 12. Qg3 Qe7 13. O-O Nd7 14. Rae1 Nge5
15. Be2 Nxf3+ 16. Bxf3 Ne5 17. Be2 Bd7 18. Rf4 Rab8 19. Ref1 g6 20. h4 Kh8 21.
h5 b5 22. axb5 axb5 23. hxg6 fxg6 24. Rxf8+ Rxf8 25. Rxf8+ Qxf8 26. Nxb5 Bxb5
27. Bxb5 Qh6 28. Bd3 Qc1+ 29. Kh2 h5 30. b3 Ng4+ 0-1

[Event "Titled Tue 24th Jun Early"]
[Site "chess.com INT"]
[Date "2025.06.24"]
[Round "6"]
[White "Zaksaite, Salomeja"]
[Black "Wu, Jayden"]
[Result "1-0"]
[WhiteTitle "WGM"]
[WhiteElo "2133"]
[BlackElo "2061"]
[WhiteFideId "12801496"]
[BlackFideId "30972558"]
[EventDate "2025.06.24"]

1. e4 c5 2. Nf3 d6 3. d4 cxd4 4. Nxd4 Nf6 5. Nc3 a6 6. Bc4 e6 7. Bb3 Nbd7 8. O-O
Nc5 9. Bg5 Nxb3 10. axb3 h6 11. Bh4 Be7 12. Qe2 O-O 13. Rad1 Qc7 14. f4 Bd7 15.
e5 dxe5 16. fxe5 Bc5 17. exf6 e5 18. fxg7 Rfe8 19. Nd5 Qd6 20. Nf6+ Kxg7 21. Qe4
Bxd4+ 22. Kh1 Rh8 23. c3 1-0

[Event "Titled Tue 24th Jun Early"]
[Site "chess.com INT"]
[Date "2025.06.24"]
[Round "6"]
[White "Pournami S"]
[Black "Brancaleoni, Maurizio"]
[Result "0-1"]
[WhiteTitle "WCM"]
[BlackTitle "FM"]
[WhiteElo "1749"]
[BlackElo "2185"]
[WhiteFideId "25732439"]
[BlackFideId "803022"]
[EventDate "2025.06.24"]

1. e4 c6 2. d4 d5 3. Nc3 dxe4 4. Nxe4 Nf6 5. Nxf6+ exf6 6. Nf3 Bd6 7. Bd3 O-O 8.
h3 Re8+ 9. Be3 Nd7 10. O-O Nf8 11. c4 Ng6 12. Qd2 Be6 13. a3 Qd7 14. Ne1 Bxh3
15. gxh3 Qxh3 16. f3 Rxe3 17. Rf2 Bf4 18. Qc2 Rae8 19. Bf1 Rxe1 20. Rxe1 Rxe1
21. Qd3 Be3 0-1

[Event "Titled Tue 24th Jun Early"]
[Site "chess.com INT"]
[Date "2025.06.24"]
[Round "6"]
[White "Nersisyan, Garnik"]
[Black "Otdelnov, Kirill"]
[Result "0-1"]
[WhiteTitle "CM"]
[BlackTitle "FM"]
[WhiteElo "2035"]
[BlackElo "2273"]
[WhiteFideId "13300741"]
[BlackFideId "24280216"]
[EventDate "2025.06.24"]

1. e4 c5 2. Nc3 a6 3. d3 b5 4. g3 Bb7 5. Bg2 e6 6. f4 Nf6 7. h3 Be7 8. Nf3 O-O
9. O-O b4 10. Ne2 d5 11. e5 Nfd7 12. d4 Nc6 13. c3 a5 14. Be3 Ba6 15. Rf2 bxc3
16. bxc3 cxd4 17. Nexd4 Nxd4 18. cxd4 Nb6 19. g4 Nc4 20. Bc1 Rb8 21. f5 Qd7 22.
f6 gxf6 23. Bh6 Rfc8 24. exf6 Bxf6 25. Nd2 Bxd4 26. Nxc4 Rxc4 27. Qd2 Bxa1 28.
Qg5+ Kh8 29. Rf6 Rg8 30. Qh4 Qd8 31. Bg5 Rxg5 32. Rxf7 Rc1+ 33. Kh2 Be5+ 0-1